Corporation of the Hall of Arts and Sciences v The Albert Court Residents Association and Others and Westminster City Council (Record no. 83318)

MARC details
000 -LEADER
fixed length control field 01454cad a22002055a 4500
001 - CONTROL NUMBER
control field E153576
008 - FIXED-LENGTH DATA ELEMENTS--GENERAL INFORMATION
fixed length control field 110808e20110413xxk 000 0 eng d
035 ## - SYSTEM CONTROL NUMBER
System control number (Sirsi) u153576
041 0# - LANGUAGE CODE
Language code of text/sound track or separate title eng
245 00 - TITLE STATEMENT
Title Corporation of the Hall of Arts and Sciences v The Albert Court Residents Association and Others and Westminster City Council
Medium [electronic resource]
260 ## - PUBLICATION, DISTRIBUTION, ETC.
Date of publication, distribution, etc. 2011
520 ## - SUMMARY, ETC.
Summary, etc. [2011] EWCA Civ 430, 13 April 2011. Relates to an application by C to vary the licensing conditions at the Albert Hall. Westminster Council granted the variation, and discounted objections from The Albert Court Residents Association (A) because they were received after the deadline. A contended that they had not been notified of the application by Westminster BC (W) as they should have been, and appealed against the decision. The previous judge found for A. W and C appealed. "Held": W were under no obligation to notify local residents of the application: that obligation rested with C, who had complied with it. W were therefore within their rights to allow the application, and the appeal was allowed.
590 ## - LOCAL NOTE (RLIN)
Local note KA
650 24 - SUBJECT ADDED ENTRY--TOPICAL TERM
Topical term or geographic name entry element LICENSING ACT 2003
650 24 - SUBJECT ADDED ENTRY--TOPICAL TERM
Topical term or geographic name entry element LICENSING ACT 2003 (PREMISES LICENCES AND CLUB PREMISES CERTIFICATES) REGULATIONS 2005
651 #4 - SUBJECT ADDED ENTRY--GEOGRAPHIC NAME
Geographic name England and Wales
Chronological subdivision 1543-
690 ## - LOCAL SUBJECT ADDED ENTRY--TOPICAL TERM (OCLC, RLIN)
Topical term or geographic name as entry element ENVIRONMENTAL AND LAND CONSULTANCY-PLANNING AND DEVELOPMENT
856 40 - ELECTRONIC LOCATION AND ACCESS
Uniform Resource Identifier <a href="https://www.bailii.org/ew/cases/EWCA/Civ/2011/430.html">https://www.bailii.org/ew/cases/EWCA/Civ/2011/430.html</a>
942 ## - ADDED ENTRY ELEMENTS (KOHA)
Suppress in OPAC 0
Holdings
Withdrawn status Lost status Source of classification or shelving scheme Damaged status Not for loan Home library Current library Shelving location Date acquired Total Checkouts Full call number Barcode Date last seen Copy number Price effective from Koha item type
    Dewey Decimal Classification     Virtual Virtual Online 08/08/2011   ONLINE PUBLICATION 153576-2001 06/08/2019 1 06/08/2019 Law report